000 01041nam a22002537a 4500
005 20170124103118.0
010 _aB-158023
020 _c250.00
_a8173154465
035 _aB-158023
037 _bCen Lib/Ret
040 _aDPL
_bHN
082 _a303.625
_bसहग
100 _aसहगल, विनोद
_981402
245 _aअन्तराष्ट्रीय आतंकवाद /
_cविनोद सहगल
246 _aAntarashtriya atankvaad /
_bby Vinod Sahgal
260 _a दिल्ली
_bप्रभात प्रकाशन
_c2004
270 _b दिल्ली
_a4/19 आसफ अली रोड
_e110002
300 _a231पृ.
_c20सेमी(सजिल्द )
650 _aआतंकवादी संगठन
_x
_z
_981403
650 _aआतंकवाद--सुरक्षा--बचाव
_981404
650 _aTerrorist organization
_981405
650 _aTerrorism - Security and prevention
_981406
942 _2ddc
_cHN
_h303.625
_mसहग
999 _c118675
_d118675